A Comparative Analysis of Saas and Pass Cloud Based E- Learning Platforms in Terms of Cost Effectiveness and Scalability (Thesis MS) (Record no. 69071)

MARC details
000 -LEADER
fixed length control field 00370nam a22001097a 4500
245 ## - TITLE STATEMENT
Title A Comparative Analysis of Saas and Pass Cloud Based E- Learning Platforms in Terms of Cost Effectiveness and Scalability (Thesis MS)
260 ## - PUBLICATION, DISTRIBUTION, ETC. (IMPRINT)
Place of publication Nawabshah
Name of publisher QUEST
Year of publication 2025
300 ## - PHYSICAL DESCRIPTION
Number of Pages 73p.
700 ## - ADDED ENTRY--PERSONAL NAME
Personal name Department of Computer Science
942 ## - ADDED ENTRY ELEMENTS (KOHA)
Koha item type Thesis and Dissertation
Holdings
Withdrawn status Lost status Home library Current library Date acquired Accession Number Koha item type
    Research Section Research Section 29/06/2026 MP/101-1487 Thesis and Dissertation
    Research Section Research Section 29/06/2026 MP/101-1488 Thesis and Dissertation